00823nam a2200229 a 4500008004100000040001200041041000800053044000700061082002500068100003200093245010700125260004700232300003600279490004100315502008800356610002200444650003400466650001700500655004000517700002900557852000700586200318s2016 ii ad||g m|||a00| 0 eng d aKObeng0 aeng aii04223a378.242bIRM15091 aSimon, Leo JohneResearcher10aOrganizational Study of Cochin Port Trust with Special Reference to Liquid Bulk :bInternship Report / aKochi :bIndian Maritime University,c2016 a53 p. :bill., charts ;c29 cm.0 aMBA Internship 2015-17 ;v1505305009 aInternship (MBA)–Indian Maritime University. School of Maritime Management, 2016.20aCochin Port Trust 0aPort au Port Peninsula (N.L.) 0aLiquid fuels 72lcshaDissertations, Academicy20161 aP. A., JayancDr.eGuide aKO